000 00397nam a22001697a 4500
005 20160701152628.0
008 160701b xxu||||| |||| 00| 0 eng d
020 _a978-81-7132-779-9
041 _aeng
082 _b20668
100 _aJha DK
_93417
245 _aLaboratory Mannual on plant pathology
260 _bPonter
300 _a182
650 _aDiploma Engineering
_9817
942 _cBK
999 _c5111
_d5109